[Event "20. Obert Int. Sant Marti 2018 - B"]
[Site "Barcelona ESP"]
[Date "2018.07.18"]
[Round "6.51"]
[White "Martinez Hernandez, Emili"]
[Black "Martin Sanchez, Antoni"]
[Result "1/2-1/2"]
[WhiteElo "1750"]
[BlackElo "1552"]
[PlyCount "133"]
[EventDate "2018.07.13"]
[EventType "swiss"]
[EventRounds "9"]
[EventCountry "ESP"]
[SourceTitle "Ajedrez en Madrid"]
[Source "lmi"]
[SourceDate "2018.07.13"]
[SourceVersion "1"]
[SourceVersionDate "2019.06.21"]
[SourceQuality "1"]

1. Nf3 Nf6 2. c4 c5 3. Nc3 d6 4. d4 cxd4 5. Nxd4 g6 6. g3 a6 7. Bg2 Qc7 8. Qb3
Nbd7 9. Nd5 Nxd5 10. cxd5 Bg7 11. Be3 O-O 12. O-O Rb8 13. Rac1 Qd8 14. Nc2 Ne5
15. Nb4 Bd7 16. h3 Qe8 17. f4 Ba4 18. Qa3 a5 19. fxe5 axb4 20. Qxb4 Bxe5 21.
Bh6 Bg7 22. Bxg7 Kxg7 23. Rc7 Bb5 24. Qc3+ Kg8 25. Qe3 Bd7 26. Qb6 Qd8 27. Rfc1
h5 28. Qa7 e5 29. dxe6 Bxe6 30. a3 Qg5 31. R1c3 Qb5 32. Rc2 Qe5 33. R7c3 b6 34.
Qa6 b5 35. Qa7 b4 36. Re3 Qf5 37. Rd2 bxa3 38. Qxa3 d5 39. Qd3 Qf6 40. Rf3 Qe7
41. Qd4 Rb4 42. Qd3 Rfb8 43. Qa3 Qc5+ 44. Kh2 Qc1 45. Qc3 Qxc3 46. bxc3 Rc4 47.
Rd4 Rbc8 48. Rxc4 Rxc4 49. Rd3 Rc5 50. e4 dxe4 51. Bxe4 Kg7 52. Kg2 Rc4 53. Bf3
Bf5 54. Re3 Kf6 55. Be2 Rc5 56. g4 hxg4 57. hxg4 Be6 58. Kf3 Kg5 59. Kg3 Bc4
60. Bxc4 Rxc4 61. Re5+ Kh6 62. Re3 f6 63. Kh3 Kg5 64. Rg3 Kf4 65. Rd3 Kg5 66.
Rg3 Kf4 67. Rd3 1/2-1/2

[Event "20. Obert Int. Sant Marti 2018 - B"]
[Site "Barcelona ESP"]
[Date "2018.07.18"]
[Round "6.52"]
[White "Mercader Rubio, Luis"]
[Black "Campins Barberia, Jon"]
[Result "1-0"]
[WhiteElo "1732"]
[BlackElo "1547"]
[PlyCount "97"]
[EventDate "2018.07.13"]
[EventType "swiss"]
[EventRounds "9"]
[EventCountry "ESP"]
[SourceTitle "Ajedrez en Madrid"]
[Source "lmi"]
[SourceDate "2018.07.13"]
[SourceVersion "1"]
[SourceVersionDate "2019.06.21"]
[SourceQuality "1"]

1. d4 Nf6 2. c4 e6 3. Nc3 Bb4 4. Bg5 h6 5. Bf4 O-O 6. Nf3 b6 7. e3 d5 8. a3 Bd6
9. Bxd6 Qxd6 10. Rc1 Bb7 11. cxd5 Nxd5 12. Nb5 Qd7 13. e4 c6 14. Ne5 Qe7 15.
exd5 cxb5 16. Nc6 Qd6 17. Bxb5 exd5 18. Ne5 a6 19. Be2 Nd7 20. Nxd7 Qxd7 21.
O-O Rac8 22. Qb3 b5 23. h3 Rc6 24. Rc5 Rxc5 25. dxc5 Rc8 26. Rc1 d4 27. Bg4 Qc6
28. Qg3 Re8 29. Bf3 Re4 30. b4 d3 31. Rd1 d2 32. Rxd2 Re1+ 33. Kh2 Qf6 34. Qb8+
Kh7 35. Bxb7 Qa1 36. Qf4 Rh1+ 37. Kg3 Qxa3+ 38. Bf3 Re1 39. Qd4 Re6 40. Kh2 Qc1
41. Be4+ g6 42. Bf3 Re1 43. Rd1 Rxd1 44. Bxd1 Qg5 45. Bf3 h5 46. c6 Qe7 47. h4
Qc7+ 48. g3 Kh6 49. Qf4+ 1-0

[Event "20. Obert Int. Sant Marti 2018 - B"]
[Site "Barcelona ESP"]
[Date "2018.07.18"]
[Round "6.53"]
[White "Ayllon Barranco, Miguel"]
[Black "Grasa Solanas, Oscar"]
[Result "0-1"]
[WhiteElo "1550"]
[BlackElo "1732"]
[PlyCount "62"]
[EventDate "2018.07.13"]
[EventType "swiss"]
[EventRounds "9"]
[EventCountry "ESP"]
[SourceTitle "Ajedrez en Madrid"]
[Source "lmi"]
[SourceDate "2018.07.13"]
[SourceVersion "1"]
[SourceVersionDate "2019.06.21"]
[SourceQuality "1"]

1. b3 Nf6 2. Bb2 d5 3. d4 e6 4. Nf3 Bd6 5. Nbd2 O-O 6. e3 c5 7. Bd3 Nc6 8. O-O
Bd7 9. Rc1 Nb4 10. dxc5 Bxc5 11. a3 Nxd3 12. cxd3 Rc8 13. a4 b5 14. axb5 Bxb5
15. Nb1 Be7 16. Ne5 Qb6 17. Bd4 Qb7 18. Nc3 Ba3 19. Rc2 Be8 20. Ra2 Bc5 21. Ne2
Bxd4 22. Nxd4 Nd7 23. Nxd7 Bxd7 24. f4 Rc7 25. Rff2 Rfc8 26. Rac2 Qb4 27. Rxc7
Rxc7 28. Ra2 h6 29. Kf2 f6 30. Ke2 e5 31. Nc2 Qxb3 0-1

[Event "20. Obert Int. Sant Marti 2018 - B"]
[Site "Barcelona ESP"]
[Date "2018.07.18"]
[Round "6.54"]
[White "Santolaria Pena, M."]
[Black "Gordillo Bretones, Jose Luis"]
[Result "1/2-1/2"]
[WhiteElo "1694"]
[BlackElo "1543"]
[PlyCount "100"]
[EventDate "2018.07.13"]
[EventType "swiss"]
[EventRounds "9"]
[EventCountry "ESP"]
[SourceTitle "Ajedrez en Madrid"]
[Source "lmi"]
[SourceDate "2018.07.13"]
[SourceVersion "1"]
[SourceVersionDate "2019.06.21"]
[SourceQuality "1"]

1. d4 g6 2. e4 d6 3. Nc3 Bg7 4. Be3 a6 5. f3 Nd7 6. Qd2 e5 7. Nge2 Ngf6 8. d5
Nb6 9. Ng3 h5 10. h4 Ng8 11. O-O-O Bh6 12. Bd3 Bxe3 13. Qxe3 Bd7 14. Rdf1 Nh6
15. f4 Ng4 16. Qf3 Qe7 17. f5 O-O-O 18. Qe2 gxf5 19. Nxf5 Bxf5 20. Rxf5 f6 21.
Rf3 Qh7 22. a4 Kd7 23. a5 Nc8 24. g3 Na7 25. Rhf1 Qh6+ 26. Kb1 Ke7 27. b4 Ra8
28. Na4 Rhb8 29. c4 b5 30. cxb5 Nxb5 31. Bxb5 Rxb5 32. Rb3 Rab8 33. Qc4 Kd8 34.
Rc1 Qh7 35. Nc3 Ne3 36. Qd3 Rxb4 37. Rxb4 Rxb4+ 38. Ka2 Qh6 39. Qxa6 Nc4 40.
Rc2 Qe3 41. Qa8+ Kd7 42. Qc6+ Kd8 43. Qa8+ Kd7 44. Qc6+ Kd8 45. Qa8+ Ke7 46.
Qc8 Qa7 47. Qe6+ Kf8 48. Qxf6+ Ke8 49. Qe6+ Kd8 50. Qg8+ Kd7 1/2-1/2

[Event "20. Obert Int. Sant Marti 2018 - B"]
[Site "Barcelona ESP"]
[Date "2018.07.18"]
[Round "6.55"]
[White "Campos Barrachina, Edgar"]
[Black "Munt Serrano, Jesus"]
[Result "1-0"]
[WhiteElo "1689"]
[BlackElo "1511"]
[PlyCount "115"]
[EventDate "2018.07.13"]
[EventType "swiss"]
[EventRounds "9"]
[EventCountry "ESP"]
[SourceTitle "Ajedrez en Madrid"]
[Source "lmi"]
[SourceDate "2018.07.13"]
[SourceVersion "1"]
[SourceVersionDate "2019.06.21"]
[SourceQuality "1"]

1. e4 c5 2. d4 cxd4 3. c3 dxc3 4. Nxc3 e6 5. Bc4 a6 6. Qf3 Nc6 7. Nge2 Ne5 8.
Qg3 Nxc4 9. Bf4 d6 10. b3 Na5 11. Rd1 e5 12. Bxe5 Nf6 13. Bxd6 Bxd6 14. Rxd6
Qe7 15. Qxg7 Qxd6 16. Qxh8+ Ke7 17. O-O b5 18. Rd1 Bb7 19. Qg7 Qc7 20. Nd4 Rd8
21. Nf5+ Ke6 22. Nd4+ Rxd4 23. Rxd4 Qxc3 24. Rd1 Qc2 25. Re1 Qxa2 26. e5 Nd7
27. Qg4+ Ke7 28. e6 Ne5 29. exf7 Kxf7 30. Qf5+ Ke7 31. Rxe5+ Kd6 32. Re6+ Kc7
33. Qe5+ Kc8 34. Re8+ Kd7 35. Qe6+ Kc7 36. h3 Qxb3 37. Qe7+ Kc6 38. Qxh7 Qd1+
39. Kh2 Qd6+ 40. Kg1 Nc4 41. Qe4+ Qd5 42. Qg6+ Kc5 43. h4 Qd1+ 44. Kh2 Qd6+ 45.
Qxd6+ Nxd6 46. Rd8 b4 47. h5 b3 48. h6 Be4 49. f3 Bd3 50. Rb8 Kc4 51. g4 Nb5
52. Rc8+ Kb4 53. Rc1 b2 54. Re1 b1=Q 55. Rxb1+ Bxb1 56. f4 a5 57. f5 a4 58. h7
1-0

[Event "20. Obert Int. Sant Marti 2018 - B"]
[Site "Barcelona ESP"]
[Date "2018.07.18"]
[Round "6.56"]
[White "Zhou, Luyu"]
[Black "Mas Sayos, Lluis"]
[Result "1-0"]
[WhiteElo "1542"]
[BlackElo "1687"]
[PlyCount "135"]
[EventDate "2018.07.13"]
[EventType "swiss"]
[EventRounds "9"]
[EventCountry "ESP"]
[SourceTitle "Ajedrez en Madrid"]
[Source "lmi"]
[SourceDate "2018.07.13"]
[SourceVersion "1"]
[SourceVersionDate "2019.06.21"]
[SourceQuality "1"]

1. e4 c5 2. Nf3 g6 3. Bc4 Bg7 4. c3 Nf6 5. e5 Ng4 6. d4 Nh6 7. O-O e6 8. Bg5
Qb6 9. Qc1 Nf5 10. Bd3 d5 11. Nbd2 Nc6 12. Bxf5 gxf5 13. Nb3 cxd4 14. cxd4 Bd7
15. Qd2 h6 16. Bf6 Bxf6 17. exf6 Qd8 18. Nc5 Bc8 19. Ne5 Qxf6 20. f4 Qg7 21.
Rf3 Rg8 22. Re1 Nxe5 23. fxe5 b6 24. Nd3 h5 25. Rg3 Qh7 26. Ree3 Rxg3 27. Rxg3
Ba6 28. Nf4 Kd7 29. Rh3 h4 30. Qb4 Rc8 31. Qa4+ Ke7 32. Qxa6 Rc1+ 33. Kf2 Qh6
34. Qxa7+ Kf8 35. Qb8+ Kg7 36. g3 Qh8 37. Qxh8+ Kxh8 38. Rxh4+ Kg8 39. Nd3 Rc2+
40. Ke3 Kg7 41. g4 fxg4 42. Rxg4+ Kh7 43. h3 Rh2 44. Rg3 Rh1 45. Kf4 Rf1+ 46.
Rf3 Rg1 47. h4 Kh6 48. Rh3 Rf1+ 49. Ke3 Kg6 50. Rg3+ Kh5 51. Rf3 Rg1 52. Rxf7
Rg3+ 53. Kd2 Rg4 54. Kc3 Kxh4 55. Rf6 Kg3 56. Rxe6 Kf3 57. Rf6+ Ke3 58. Rf4 Rg8
59. e6 Rc8+ 60. Kb4 Kxd3 61. Rf6 Kxd4 62. e7 Re8 63. Re6 Kd3 64. Kb5 d4 65.
Kxb6 Kc2 66. Kc7 d3 67. Kd7 d2 68. Rd6 1-0

[Event "20. Obert Int. Sant Marti 2018 - B"]
[Site "Barcelona ESP"]
[Date "2018.07.18"]
[Round "6.57"]
[White "Cassi De La Viuda, Alex"]
[Black "Salazar Navas, Josep"]
[Result "1-0"]
[WhiteElo "1489"]
[BlackElo "1677"]
[PlyCount "47"]
[EventDate "2018.07.13"]
[EventType "swiss"]
[EventRounds "9"]
[EventCountry "ESP"]
[SourceTitle "Ajedrez en Madrid"]
[Source "lmi"]
[SourceDate "2018.07.13"]
[SourceVersion "1"]
[SourceVersionDate "2019.06.21"]
[SourceQuality "1"]

1. e4 d5 2. exd5 Nf6 3. Nc3 Nxd5 4. Nxd5 Qxd5 5. Nf3 Nc6 6. c4 Qe4+ 7. Be2 Bg4
8. d3 Qf5 9. h3 Bxf3 10. Bxf3 Qd7 11. Be3 O-O-O 12. Qa4 Ne5 13. Qxa7 Nxf3+ 14.
gxf3 Qc6 15. O-O-O e5 16. Kb1 Qxf3 17. d4 b6 18. d5 Bd6 19. c5 bxc5 20. Bxc5
Qf6 21. Bxd6 Qxd6 22. Rc1 Rhe8 23. Rc6 Qe7 24. Rhc1 1-0

[Event "20. Obert Int. Sant Marti 2018 - B"]
[Site "Barcelona ESP"]
[Date "2018.07.18"]
[Round "6.58"]
[White "Membrives Pino, Didac"]
[Black "Cabrera Ojeda, Roberto"]
[Result "0-1"]
[WhiteElo "1477"]
[BlackElo "1652"]
[PlyCount "100"]
[EventDate "2018.07.13"]
[EventType "swiss"]
[EventRounds "9"]
[EventCountry "ESP"]
[SourceTitle "Ajedrez en Madrid"]
[Source "lmi"]
[SourceDate "2018.07.13"]
[SourceVersion "1"]
[SourceVersionDate "2019.06.21"]
[SourceQuality "1"]

1. d4 Nf6 2. Bf4 g6 3. Nf3 d6 4. e3 Nh5 5. Bg5 h6 6. Bh4 g5 7. Bg3 Bg7 8. Be2
e6 9. Nc3 Nd7 10. Nd2 Nxg3 11. hxg3 b6 12. Bf3 d5 13. Nb3 Bb7 14. a4 c5 15. Nb5
Qb8 16. c4 a6 17. Na3 cxd4 18. Nxd4 Ne5 19. Bh5 O-O 20. Rc1 Nxc4 21. Nxc4 dxc4
22. Bf3 Bxf3 23. Qxf3 b5 24. O-O Bxd4 25. exd4 Qd8 26. Rfe1 Kg7 27. Re4 Qf6 28.
Qh5 Rad8 29. Rd1 Rd5 30. f4 gxf4 31. Qf3 Rfd8 32. Rxf4 Rf5 33. Rg4+ Rg5 34. Rf4
Rf5 35. Rg4+ Rg5 36. Rf4 Qg6 37. Rf1 f5 38. Qb7+ Kh8 39. Qc7 Rg8 40. Qe5+ Kh7
41. R4f3 Rxg3 42. Rxg3 Qxg3 43. Rf2 Qxe5 44. dxe5 Rd8 45. g4 Rg8 46. Kf1 Rxg4
47. Rd2 Re4 48. Rd6 Rxe5 49. Rxa6 bxa4 50. Rxa4 Re4 0-1

[Event "20. Obert Int. Sant Marti 2018 - B"]
[Site "Barcelona ESP"]
[Date "2018.07.18"]
[Round "6.59"]
[White "Vargas Rodriguez, Gabriel"]
[Black "Domenche Redondo, Francesc"]
[Result "1-0"]
[WhiteElo "1448"]
[BlackElo "1652"]
[PlyCount "135"]
[EventDate "2018.07.13"]
[EventType "swiss"]
[EventRounds "9"]
[EventCountry "ESP"]
[SourceTitle "Ajedrez en Madrid"]
[Source "lmi"]
[SourceDate "2018.07.13"]
[SourceVersion "1"]
[SourceVersionDate "2019.06.21"]
[SourceQuality "1"]

1. e4 e5 2. Nf3 Nf6 3. Nxe5 d6 4. Nf3 Nxe4 5. d4 d5 6. Bd3 Nc6 7. O-O Be7 8.
Re1 Bg4 9. c3 Nf6 10. Bf4 O-O 11. Nbd2 Re8 12. Qc2 h6 13. Ne5 Nxe5 14. Bxe5 c6
15. h3 Be6 16. Nf3 Qb6 17. Nh4 Nd7 18. Bg3 Rad8 19. Bh7+ Kf8 20. Ng6+ fxg6 21.
Rxe6 Bf6 22. Bd6+ Be7 23. Bxe7+ Rxe7 24. Rxe7 Kxe7 25. Re1+ Kd6 26. Qxg6+ Kc7
27. Qxg7 Qxb2 28. Bf5 Qxc3 29. Re7 Qc1+ 30. Kh2 Qf4+ 31. Qg3 Qxg3+ 32. Kxg3 Kd6
33. Re6+ Kc7 34. Rxh6 Nb6 35. Rh7+ Kb8 36. Re7 Rg8+ 37. Kf3 Nc4 38. g4 Nd2+ 39.
Ke2 Nc4 40. f4 Nd6 41. Bd3 b6 42. Kf3 c5 43. Rd7 c4 44. Rxd6 cxd3 45. Rxd5 Re8
46. Re5 Rh8 47. Re1 Rxh3+ 48. Ke4 d2 49. Rd1 Rh2 50. Kd3 Rg2 51. g5 Rg4 52. Ke3
Rg3+ 53. Kf2 Rd3 54. Ke2 Rxd4 55. Ke3 Rd6 56. Rxd2 Re6+ 57. Kf3 Kc7 58. Rg2 Kd6
59. g6 Re8 60. Rd2+ Kc6 61. f5 Rh8 62. Kg4 Rh1 63. Rg2 Rh8 64. g7 Rg8 65. f6
Kd7 66. Re2 a5 67. Kg5 Rc8 68. Kg6 1-0

[Event "20. Obert Int. Sant Marti 2018 - B"]
[Site "Barcelona ESP"]
[Date "2018.07.18"]
[Round "6.60"]
[White "Garcia Miralles, Eduard"]
[Black "Folch Brach, Jordi"]
[Result "1/2-1/2"]
[WhiteElo "1443"]
[BlackElo "1644"]
[PlyCount "81"]
[EventDate "2018.07.13"]
[EventType "swiss"]
[EventRounds "9"]
[EventCountry "ESP"]
[SourceTitle "Ajedrez en Madrid"]
[Source "lmi"]
[SourceDate "2018.07.13"]
[SourceVersion "1"]
[SourceVersionDate "2019.06.21"]
[SourceQuality "1"]

1. e4 d6 2. d4 g6 3. f4 Nf6 4. Bd3 Bg7 5. Nf3 Bg4 6. Be3 Nc6 7. O-O O-O 8. Nbd2
Nd7 9. c3 a6 10. h3 Bxf3 11. Nxf3 Re8 12. Qe1 e6 13. e5 Ne7 14. Bd2 Nf5 15. Qf2
b5 16. a4 c6 17. Be4 d5 18. Bd3 Qc7 19. Ra3 Bf8 20. Ra2 Rab8 21. axb5 axb5 22.
b4 Nb6 23. Rfa1 Ra8 24. g4 Ng7 25. Qh4 Be7 26. Ng5 Bxg5 27. Qxg5 Rxa2 28. Rxa2
Ra8 29. Rxa8+ Nxa8 30. f5 exf5 31. gxf5 Qd7 32. f6 Ne8 33. Kg2 Nac7 34. Kg3 Ne6
35. Qg4 Qa7 36. h4 Qa1 37. h5 Qg1+ 38. Kh3 Qh1+ 39. Kg3 Qg1+ 40. Kh3 Qh1+ 41.
Kg3 1/2-1/2

[Event "20. Obert Int. Sant Marti 2018 - B"]
[Site "Barcelona ESP"]
[Date "2018.07.18"]
[Round "6.61"]
[White "Bienvenido Kleque, Jose"]
[Black "Gonzalez Canovas, Sebastia"]
[Result "0-1"]
[WhiteElo "1439"]
[BlackElo "1639"]
[PlyCount "50"]
[EventDate "2018.07.13"]
[EventType "swiss"]
[EventRounds "9"]
[EventCountry "ESP"]
[SourceTitle "Ajedrez en Madrid"]
[Source "lmi"]
[SourceDate "2018.07.13"]
[SourceVersion "1"]
[SourceVersionDate "2019.06.21"]
[SourceQuality "1"]

1. d4 Nf6 2. c4 g6 3. Nc3 Bg7 4. e4 d6 5. f3 O-O 6. Be3 e5 7. dxe5 dxe5 8. Qxd8
Rxd8 9. Rd1 Rxd1+ 10. Kxd1 c6 11. Kc2 Be6 12. Bd3 Na6 13. a3 Nd7 14. b4 Bf8 15.
c5 Nc7 16. Nge2 b6 17. cxb6 axb6 18. Kb2 c5 19. bxc5 Nxc5 20. Bc2 Bc4 21. Nc1
N7e6 22. Rd1 b5 23. h3 Rxa3 24. Kxa3 Nd3+ 25. Bc5 Bxc5# 0-1

[Event "20. Obert Int. Sant Marti 2018 - B"]
[Site "Barcelona ESP"]
[Date "2018.07.18"]
[Round "6.63"]
[White "Martin Arranz, Lluis"]
[Black "Gomez Fernandez, Miquel"]
[Result "1-0"]
[WhiteElo "1582"]
[BlackElo "1485"]
[PlyCount "87"]
[EventDate "2018.07.13"]
[EventType "swiss"]
[EventRounds "9"]
[EventCountry "ESP"]
[SourceTitle "Ajedrez en Madrid"]
[Source "lmi"]
[SourceDate "2018.07.13"]
[SourceVersion "1"]
[SourceVersionDate "2019.06.21"]
[SourceQuality "1"]

1. e4 c5 2. Nf3 Nc6 3. d4 cxd4 4. Nxd4 Nxd4 5. Qxd4 d6 6. Nc3 e5 7. Qd1 Nf6 8.
Bg5 Be7 9. Qd2 h6 10. Bb5+ Bd7 11. Bxd7+ Qxd7 12. Bxf6 Bxf6 13. O-O O-O 14.
Rad1 Rad8 15. Qd3 a6 16. Nd5 Bg5 17. b3 f5 18. Qc4 Kh7 19. f3 f4 20. Qd3 Qf7
21. Qe2 h5 22. Qf2 h4 23. c4 Qh5 24. h3 Rd7 25. c5 Qe8 26. Nb6 Rf6 27. Nxd7
Qxd7 28. Rd5 Qc6 29. Rfd1 dxc5 30. Qxc5 Qxc5+ 31. Rxc5 Re6 32. Rdd5 Bf6 33. Rc7
b6 34. b4 Be7 35. a3 a5 36. bxa5 bxa5 37. Rxa5 Bd8 38. Rcc5 Bb6 39. Kf1 Bxc5
40. Rxc5 Kg6 41. a4 Kf6 42. a5 Ra6 43. Rb5 Kf7 44. Rxe5 1-0

[Event "20. Obert Int. Sant Marti 2018 - B"]
[Site "Barcelona ESP"]
[Date "2018.07.18"]
[Round "6.65"]
[White "Jimenez Rimblas, Raul"]
[Black "Cervera Lopez, Miguel"]
[Result "1/2-1/2"]
[WhiteElo "1313"]
[BlackElo "1578"]
[PlyCount "79"]
[EventDate "2018.07.13"]
[EventType "swiss"]
[EventRounds "9"]
[EventCountry "ESP"]
[SourceTitle "Ajedrez en Madrid"]
[Source "lmi"]
[SourceDate "2018.07.13"]
[SourceVersion "1"]
[SourceVersionDate "2019.06.21"]
[SourceQuality "1"]

1. e4 c5 2. Nf3 Nc6 3. d4 cxd4 4. Nxd4 g6 5. Nc3 Bg7 6. Be3 a6 7. Bc4 Qc7 8.
Qd2 e6 9. O-O-O Ne5 10. Be2 Nc4 11. Bxc4 Qxc4 12. Nb3 Nf6 13. f3 Qc7 14. Bh6
O-O 15. Bxg7 Kxg7 16. Qd4 Qf4+ 17. Qd2 e5 18. Qxf4 exf4 19. Nd5 Nxd5 20. Rxd5
b6 21. h4 h5 22. g3 fxg3 23. Rg1 f5 24. exf5 Rxf5 25. Rxf5 gxf5 26. Rxg3+ Kf7
27. Rg5 d6 28. Rxh5 Be6 29. Nd4 Bxa2 30. b3 Rg8 31. Nxf5 Rg2 32. Kb2 Bxb3 33.
Kxb3 Kg6 34. Rg5+ Rxg5 35. hxg5 Kxf5 36. f4 d5 37. Kc3 a5 38. Kb3 b5 39. Ka3 d4
40. Kb3 1/2-1/2

[Event "20. Obert Int. Sant Marti 2018 - B"]
[Site "Barcelona ESP"]
[Date "2018.07.18"]
[Round "6.66"]
[White "Arias Aranda, Guillem"]
[Black "Yuste Fornell, Ramon"]
[Result "1-0"]
[WhiteElo "1576"]
[BlackElo "1948"]
[PlyCount "87"]
[EventDate "2018.07.13"]
[EventType "swiss"]
[EventRounds "9"]
[EventCountry "ESP"]
[SourceTitle "Ajedrez en Madrid"]
[Source "lmi"]
[SourceDate "2018.07.13"]
[SourceVersion "1"]
[SourceVersionDate "2019.06.21"]
[SourceQuality "1"]

1. e4 c5 2. Nf3 e6 3. d4 cxd4 4. Nxd4 Nf6 5. Nc3 Nc6 6. Ndb5 Bb4 7. a3 Bxc3+ 8.
Nxc3 d5 9. exd5 Nxd5 10. Nxd5 exd5 11. Be2 O-O 12. O-O Be6 13. Bf4 Qf6 14. Bc1
Rac8 15. Bg4 Nd4 16. c3 Nf5 17. Qf3 Qg6 18. Qh3 Rc4 19. Bh5 Qf6 20. Qf3 g6 21.
Bg4 Rxg4 22. Qxg4 Ne3 23. Qg3 Nxf1 24. Kxf1 Rc8 25. Bg5 Qf5 26. Be3 a6 27. Bd4
Qg4 28. Qe5 Kf8 29. Qg7+ Ke7 30. Qxh7 Qe4 31. Qg7 Qd3+ 32. Ke1 Qe4+ 33. Kf1
Qd3+ 34. Kg1 Qc2 35. b4 Qd3 36. Qe5 Qc4 37. Bc5+ Rxc5 38. bxc5 Qxc5 39. Rb1 b5
40. a4 Qc4 41. axb5 axb5 42. Ra1 Qc5 43. h3 Qc4 44. Ra7+ 1-0

[Event "20. Obert Int. Sant Marti 2018 - B"]
[Site "Barcelona ESP"]
[Date "2018.07.18"]
[Round "6.68"]
[White "Valero Recalde, Pablo"]
[Black "Bernat Mor, Juli"]
[Result "1-0"]
[WhiteElo "1715"]
[BlackElo "1370"]
[PlyCount "55"]
[EventDate "2018.07.13"]
[EventType "swiss"]
[EventRounds "9"]
[EventCountry "ESP"]
[SourceTitle "Ajedrez en Madrid"]
[Source "lmi"]
[SourceDate "2018.07.13"]
[SourceVersion "1"]
[SourceVersionDate "2019.06.21"]
[SourceQuality "1"]

1. d4 d5 2. c4 c6 3. Nc3 Nf6 4. Nf3 g6 5. cxd5 Nxd5 6. e4 Nxc3 7. bxc3 Bg4 8.
h3 Bxf3 9. Qxf3 Bg7 10. Bc4 O-O 11. Ba3 Nd7 12. O-O Nf6 13. Rad1 b5 14. Bb3 Re8
15. d5 Qa5 16. Bb4 Qb6 17. dxc6 a5 18. Ba3 Qxc6 19. Rfe1 a4 20. Bc2 Qc4 21. Bb1
e5 22. Bb4 Nh5 23. g3 Qc8 24. Kg2 Qe6 25. Rd6 Qc8 26. Red1 Bf8 27. Rd7 Bxb4 28.
Qxf7+ 1-0

[Event "20. Obert Int. Sant Marti 2018 - B"]
[Site "Barcelona ESP"]
[Date "2018.07.18"]
[Round "6.69"]
[White "Pascual Gonzalez-Novelles, David"]
[Black "Bermejo Cuadra, Roberto"]
[Result "1-0"]
[WhiteElo "1587"]
[BlackElo "1315"]
[PlyCount "63"]
[EventDate "2018.07.13"]
[EventType "swiss"]
[EventRounds "9"]
[EventCountry "ESP"]
[SourceTitle "Ajedrez en Madrid"]
[Source "lmi"]
[SourceDate "2018.07.13"]
[SourceVersion "1"]
[SourceVersionDate "2019.06.21"]
[SourceQuality "1"]

1. e4 e5 2. Nf3 Nc6 3. Bc4 h6 4. O-O Nf6 5. d4 exd4 6. Nxd4 Nxd4 7. Qxd4 c5 8.
Qd3 Qc7 9. h3 d6 10. Bf4 Bd7 11. Nc3 g5 12. Bh2 O-O-O 13. Bxf7 Be8 14. Be6+ Kb8
15. Nd5 Nxd5 16. Bxd5 Qb6 17. c4 Bg7 18. a3 Ba4 19. Rab1 Qb3 20. Qd2 Bd4 21.
Kh1 b5 22. cxb5 Qc2 23. Qa5 c4 24. Qa6 Rh7 25. Bxd6+ Rxd6 26. Qxd6+ Rc7 27.
Rbc1 Qd3 28. Bxc4 Qxe4 29. Bd5 Qe7 30. Rfe1 Bc5 31. Rxe7 Bxd6 32. Re8+ 1-0

[Event "20. Obert Int. Sant Marti 2018 - B"]
[Site "Barcelona ESP"]
[Date "2018.07.18"]
[Round "6.70"]
[White "Gibert Juan, Ramon"]
[Black "Membrives Cano, Diego"]
[Result "1-0"]
[WhiteElo "1567"]
[BlackElo "1262"]
[PlyCount "70"]
[EventDate "2018.07.13"]
[EventType "swiss"]
[EventRounds "9"]
[EventCountry "ESP"]
[SourceTitle "Ajedrez en Madrid"]
[Source "lmi"]
[SourceDate "2018.07.13"]
[SourceVersion "1"]
[SourceVersionDate "2019.06.21"]
[SourceQuality "1"]

1. d4 d6 2. e4 Nf6 3. Bd3 Nbd7 4. Nf3 e5 5. d5 c6 6. c4 Nc5 7. Nc3 a5 8. b3
Nxd3+ 9. Qxd3 Bg4 10. O-O Be7 11. h3 Bxf3 12. Qxf3 O-O 13. Be3 c5 14. Qg3 Ne8
15. f4 Bh4 16. Qh2 f5 17. fxe5 dxe5 18. Bxc5 f4 19. Bxf8 Qg5 20. Bc5 Bg3 21.
Qh1 Bh4 22. Rf3 Nf6 23. Raf1 Nh5 24. Bf2 Bg3 25. h4 Bxf2+ 26. R1xf2 Qh6 27. Qh3
Ra6 28. Qc8+ Kf7 29. Qf5+ Kg8 30. Qxe5 g5 31. Qxg5+ Qxg5 32. hxg5 Rg6 33. e5
Rxg5 34. e6 Re5 35. Re2 Rxe2 1-0

[Event "20. Obert Int. Sant Marti 2018 - B"]
[Site "Barcelona ESP"]
[Date "2018.07.18"]
[Round "6.71"]
[White "Sanchez Viana, Jordi"]
[Black "Juncosa Padros, Ernest"]
[Result "1-0"]
[WhiteElo "1536"]
[BlackElo "1212"]
[PlyCount "83"]
[EventDate "2018.07.13"]
[EventType "swiss"]
[EventRounds "9"]
[EventCountry "ESP"]
[SourceTitle "Ajedrez en Madrid"]
[Source "lmi"]
[SourceDate "2018.07.13"]
[SourceVersion "1"]
[SourceVersionDate "2019.06.21"]
[SourceQuality "1"]

1. e4 e6 2. Nf3 d5 3. exd5 exd5 4. d4 c5 5. dxc5 Bxc5 6. Be2 h6 7. O-O Nf6 8.
b3 O-O 9. Bb2 Be6 10. Ne5 Nc6 11. Nd3 Bb6 12. Nd2 Ne4 13. Nf3 Rc8 14. Nf4 Nb4
15. Nd4 Bxd4 16. Qxd4 f6 17. Bd3 Nxc2 18. Bxc2 Ng5 19. Nxe6 Nxe6 20. Qd3 Ng5
21. Rac1 Qa5 22. Bb1 Rxc1 23. Rxc1 Re8 24. h4 Re1+ 25. Rxe1 Qxe1+ 26. Qf1 Qxf1+
27. Kxf1 Ne4 28. Bxe4 dxe4 29. g4 Kf7 30. Ke2 g6 31. Ke3 f5 32. Kf4 Ke6 33.
gxf5+ gxf5 34. h5 a6 35. Bg7 Kf7 36. Bxh6 Kf6 37. Bg5+ Ke6 38. h6 Kf7 39. Kxf5
Kg8 40. Kg6 Kh8 41. Bf6+ Kg8 42. h7+ 1-0

[Event "20. Obert Int. Sant Marti 2018 - B"]
[Site "Barcelona ESP"]
[Date "2018.07.18"]
[Round "6.72"]
[White "Rodoreda Pares, Marc"]
[Black "Pandey, Vedanshi"]
[Result "1/2-1/2"]
[WhiteElo "1487"]
[BlackElo "1075"]
[PlyCount "93"]
[EventDate "2018.07.13"]
[EventType "swiss"]
[EventRounds "9"]
[EventCountry "ESP"]
[SourceTitle "Ajedrez en Madrid"]
[Source "lmi"]
[SourceDate "2018.07.13"]
[SourceVersion "1"]
[SourceVersionDate "2019.06.21"]
[SourceQuality "1"]

1. e4 c6 2. d4 d5 3. Nc3 dxe4 4. Nxe4 Bf5 5. Nc3 Nf6 6. Bd3 Bxd3 7. Qxd3 h6 8.
Bf4 e6 9. O-O-O Bd6 10. Nge2 Qc7 11. g3 Nbd7 12. h3 O-O-O 13. Rhe1 Nb6 14. Be3
e5 15. dxe5 Bxe5 16. Qf5+ Nbd7 17. Na4 g6 18. Qf3 Rde8 19. Nc5 Qb6 20. Nd3 Qa5
21. Nxe5 Rxe5 22. Bd4 Rf5 23. Qd3 Qxa2 24. Nc3 Qa5 25. Bxf6 Nxf6 26. Re7 Rd8
27. Qxd8+ Qxd8 28. Rxd8+ Kxd8 29. Rxb7 Rxf2 30. Rxa7 Nd7 31. Kd1 Rf3 32. Ne2
Nc5 33. Nd4 Rxg3 34. Nxc6+ Ke8 35. Ra8+ Kd7 36. Ne5+ Ke6 37. Re8+ Kf6 38. Ng4+
Kg7 39. Nf2 Rg2 40. Ke2 Rg3 41. b4 Ne6 42. c4 Nd4+ 43. Kd2 Nb3+ 44. Kc2 Nd4+
45. Kd2 Rf3 46. Ke1 Rc3 47. Rc8 1/2-1/2